MOIW2023 セットリスト - Statistics

General Stats
  • This quiz has been taken 4 times
  • The average score is 23 of 85
Answer Stats
ブランド カバーしたアイドル 楽曲 % Correct
シンデレラガールズ シャイニーカラーズ ハイファイ☆デイズ
75%
シャイニーカラーズ - シャイノグラフィ
75%
765AS 諸星きらり、ロコ、神谷幸広、大崎甘奈 キラメキラリ
75%
シンデレラガールズ シーズ バベル
75%
シャイニーカラーズ 如月千早、渋谷凛、最上静香 Dye the sky.
75%
ミリオンライブ 高槻やよい、ピエール Get lol! Get lol! SONG
75%
シンデレラガールズ - Shine!!
75%
765AS - THE IDOLM@STER
75%
シンデレラガールズ 高槻やよい、双海亜美・真美、TIntMe!、もふもふえん、小宮果穂 ドレミファクトリー!
50%
ミリオンライブ 村上巴、杜野凛世 百花は月下に散りぬるを
50%
765AS 315 STARS エージェント夜を往く
50%
シンデレラガールズ 天ヶ瀬冬馬、放課後クライマックスガールズ、芹沢あさひ スパイスパラダイス
50%
シンデレラガールズ 天海春香、春日未来、天道輝 流れ星キセキ
50%
シャイニーカラーズ シンデレラガールズ 太陽キッス
50%
876 如月千早、藤原肇、桜守歌織、緋田美琴 ALIVE
50%
シャイニーカラーズ 天海春香、如月千早、星井美希 ヒカリのdestination
50%
SideM - DRIVE A LIVE
50%
ミリオンライブ シンデレラガールズ FairyTaleじゃいられない
50%
シャイニーカラーズ ZWEIGLANZ Fly and Fly
50%
ミリオンライブ - Flyers!!!
50%
ミリオンライブ - Glow Map
50%
765AS 天海春香、天ヶ瀬冬馬 GO MY WAY!!
50%
ミリオンライブ 園田智代子、福丸小糸 虹色letters
50%
シンデレラガールズ 双海亜美・真美、大崎甘奈、大崎甜花 O-Ku-Ri-Mo-No Sunday!
50%
シャイニーカラーズ 我那覇響、赤城みりあ、川島瑞樹、Beit ビーチブレイバー
25%
SideM Cleasky はるかぜバトン
25%
シャイニーカラーズ Triad Primus 僕らだけの未来の空
25%
765AS 水瀬伊織、神谷奈緒、白石紬、樋口円香 ラ♥ブ♥リ♥
25%
シャイニーカラーズ 萩原雪歩、水瀬伊織、Café Parade ラブ・ボナペティート
25%
765AS 一ノ瀬志希、田中摩美々、桑山千雪 きゅんっ!ヴァンパイアガール
25%
SideM MILLIONSTARS バーニン・クールで輝いて
25%
シンデレラガールズ 豊川風花、馬場このみ、緋田美琴、玲音 レッド・ソール
25%
シャイニーカラーズ Dimension-3 純白トロイメライ
25%
765AS Threat Sign オーバーマスター
25%
765AS miroir、水嶋咲、櫻木真乃、幽谷霧子 待ち受けプリンス
25%
ミリオンライブ 双海亜美・真美、Threat Sign、FRAME 咲くは浮世の君花火
25%
ミリオンライブ 園田智代子、杜野凛世、福丸小糸、市川雛菜 ABSOLUTE RUN!!!
25%
ミリオンライブ U149 Arrive You ~それが運命でも~
25%
SideM 星井美希、我那覇響 BRAND NEW FIELD
25%
合同楽曲 - CRYST@LOUD
25%
合同楽曲 - CRYST@LOUD
25%
ミリオンライブ アンティーカ dans l′obscurité
25%
シャイニーカラーズ 大神環、天道輝 絶対正義 EVERY DAY
25%
シンデレラガールズ 佐竹美奈子、信玄誠司、月岡恋鐘 恋のHamburg♪
25%
765AS - Happy!
25%
シャイニーカラーズ HappyHappyTwin、miroir Happy Funny Lucky
25%
SideM 菊地真、二宮飛鳥、桐生つかさ、星輝子、白瀬咲耶 MOON NIGHTのせいにして
25%
765AS シンデレラガールズ、MILLIONSTARS、315 STARS、シャイニーカラーズ、ZWEIGLANZ M@STERPIECE
25%
合同楽曲 - アイ MUST GO!
25%
シンデレラガールズ 秋月律子 Needle Light
25%
SideM 765PRO ALLSTARS Reason!!
25%
シャイニーカラーズ - Resonance⁺
25%
765AS Cleasky、ノクチル shiny smile
25%
SideM 星井美希、双葉杏、大崎甜花 Study Equal Magic!
25%
シンデレラガールズ ストレイライト、C.FIRST Trancing Pulse
25%
シンデレラガールズ 閃光☆HANABI団、F-LAGS Treasure☆
25%
シンデレラガールズ 伊集院北斗、ピエール、渡辺みのり、岡村直央、橘志狼、花園百々人、眉見鋭心 Tulip
25%
ミリオンライブ 秋月律子、三船美優、桑山千雪 花ざかりWeekend✿
25%
シンデレラガールズ 765PRO ALLSTARS Yes! Party Time!!
25%
SideM ストロベリーポップムーン、放課後クライマックスガールズ 夏時間グラフィティ
0%
ミリオンライブ 萩原雪歩、菊地真、北条加蓮、神谷奈緒、西城樹里、有栖川夏葉 秘密のメモリーズ
0%
シンデレラガールズ 菊地真、萩原雪歩 アンデッド・ダンスロック
0%
シンデレラガールズ 永吉昴、横山奈緒、F-LAGS、イルミネーションスターズ あんきら!?狂騒曲
0%
ミリオンライブ 結城晴、永吉昴、福田のり子、FRAME、八宮めぐる、七草にちか ココロ☆エクササイズ
0%
シャイニーカラーズ 我那覇響、桐生つかさ、ロコ、卯月巻緒、水嶋咲 学祭革命夜明け前
0%
765AS シャイニーカラーズ 虹色ミラクル
0%
961 - アライアンス・スターダスト
0%
SideM 4 Luxury、Flamme Martini Bet your intuition!
0%
シンデレラガールズ - BEYOND THE STARLIGHT
0%
SideM 秋月律子 ♡Cupids!
0%
765AS - Destiny
0%
SideM 星井美希、本田未央、八宮めぐる Friendly Smile
0%
シンデレラガールズ 浅倉透、樋口円香 Gaze and Gaze
0%
SideM - Growing Smiles!
0%
765AS 星井美希、伊吹翼、浅倉透、市川雛菜 I'm so free!
0%
SideM 上条春菜、有栖川夏葉、秋月律子、黛冬優子 JOKER➚オールマイティ
0%
シャイニーカラーズ MILLIONSTARS Let's get a chance
0%
SideM アンティーカ Pavé Étoiles
0%
SideM エルドリッチ・ロアテラー、エミリー スチュアート、天空橋朋花 Platinum MASK
0%
SideM 結城晴、ナターリア、高山紗代子、北上麗花、櫻木真乃、七草にちか Plus 1 Good Day!
0%
ミリオンライブ 315 STARS Raise the FLAG
0%
シャイニーカラーズ 315 STARS SWEET♡STEP
0%
シャイニーカラーズ サイバーグラス、DRAMATIC STARS、Jupiter Transcending The World
0%
SideM - True Horizon
0%
SideM 菊地真、和泉愛依、浅倉透 We're the one
0%
No matching quizzes found
Score Distribution
Percent of People with Each Score
Percentile by Number Answered
Your Score History
You have not taken this quiz